Midwives, research and childbirth / (Record no. 4104)

000 -LEADER
fixed length control field 00979nam a2200313 a 4500
003 - CONTROL NUMBER IDENTIFIER
control field UkOxU
005 - DATE AND TIME OF LATEST TRANSACTION
control field 20220318055249.0
008 - FIXED-LENGTH DATA ELEMENTS--GENERAL INFORMATION
fixed length control field 880629m19899999enk 001 0 eng d
020 ## - INTERNATIONAL STANDARD BOOK NUMBER
International Standard Book Number 0412333708
020 ## - INTERNATIONAL STANDARD BOOK NUMBER
International Standard Book Number 0412316501
020 ## - INTERNATIONAL STANDARD BOOK NUMBER
International Standard Book Number 0412348004 (v.3)
020 ## - INTERNATIONAL STANDARD BOOK NUMBER
International Standard Book Number 0412458403 (v.4)
040 ## - CATALOGING SOURCE
Transcribing agency ALUPE UNIVERSITY
050 #0 - LIBRARY OF CONGRESS CALL NUMBER
Classification number RG940
Item number .M53 1994
092 ## - LOCALLY ASSIGNED DEWEY CALL NUMBER (OCLC)
Classification number D0000032422
245 00 - TITLE STATEMENT
Title Midwives, research and childbirth /
Statement of responsibility, etc. edited by Sarah Robinson and Ann M. Thomson.
260 ## - PUBLICATION, DISTRIBUTION, ETC.
Place of publication, distribution, etc. London :
Name of publisher, distributor, etc. Chapman and Hall,
Date of publication, distribution, etc. c1994.
300 ## - PHYSICAL DESCRIPTION
Extent v. ;
Dimensions 22 cm.
650 #0 - SUBJECT ADDED ENTRY--TOPICAL TERM
Topical term or geographic name entry element Childbirth.
650 #0 - SUBJECT ADDED ENTRY--TOPICAL TERM
Topical term or geographic name entry element Pregnancy.
650 #2 - SUBJECT ADDED ENTRY--TOPICAL TERM
Topical term or geographic name entry element Midwifery.
700 1# - ADDED ENTRY--PERSONAL NAME
Personal name Robinson, Sarah,
Dates associated with a name 1948-
700 1# - ADDED ENTRY--PERSONAL NAME
Personal name Thomson, Ann M.,
Dates associated with a name 1944-
942 ## - ADDED ENTRY ELEMENTS (KOHA)
Source of classification or shelving scheme
Koha item type Book
Holdings
Withdrawn status Lost status Source of classification or shelving scheme Damaged status Not for loan Permanent Location Current Location Shelving location Date acquired Source of acquisition Total Checkouts Full call number Barcode Date last seen Price effective from Koha item type Public note
          AU LIBRARY AU LIBRARY Open Shelf 18.03.2022 DONATION FROM MOI UNIVERSITY   RG940 .M53 1994 28005797 18.03.2022 18.03.2022 Book SM

Powered by Koha